000 00816nam a2200205Ia 4500
999 _c42209
_d42209
003 GCL
005 20240530103743.0
008 140319s9999 xx 000 0 ara d
040 _aEG-CaGpl
_cEG-CaGpl
082 0 4 _a943.7/
_bك ق
100 1 _aكمال الدين رفعت
245 1 0 _aقلب اوروبا :
_bكلمات عربية عن تشيكوسلوفاكيا /
_cكمال الدين رفعت، يوسف السباعى، احمد طوغان
260 _aالقاهرة :
_bدار الهنا للطباعه ،
_c1968
300 _a159 ص ؛
_c21 سم
650 0 4 _aتشيكوسلوفاكيا
650 0 4 _aتشيكوسلوفاكيا - الاحوال السياسية
700 0 _aيوسف السباعى
_eمؤلف مشارك
700 0 _aاحمد طوغان
_eمؤلف مشارك
942 _2ddc
_cBK